000 01011nam a2200457 a 4500
000 BKB
001 154115
005 20200902161215.0
008 170304 ### HIN
010 _a
020 _a9780805836820
082 _a370.15
_bE83E
100 _aEducational psychology : a century of contributions
110 _a
245 _aEducational psychology : a century of contributions
_cedited by Barry J. Zimmerman and Dale H. Schunk
250 _a
260 _aNew York
_bRoutledge
_c2003
300 _a490p.
490 _a
_v
500 _a
600 _a
610 _a
611 _a
630 _a
650 _a
651 _a
654 _a
690 _aEducational psychology
700 _aZimmerman, Barry J.
_b
_c
700 _aSchunk, Dale H.
_b
_c
710 _a
_b
_c
711 _a
720 _a
730 _a
740 _a
752 _a
856 _a
_d
_f
904 _a
964 _a
_bENG
_c
_d
_e
_f
_g
965 _a
999 _c16696
_d16696